[Event "Sparkassen-Open A"]
[Site "Heusenstamm, Martinsee"]
[Date "2017.11.24"]
[Round "2.66"]
[White "Euler, Gerd"]
[Black "Büse, Ralf"]
[Result "1-0"]
[WhiteElo "2315"]
[BlackElo "1881"]
[PlyCount "83"]
[EventDate "2017.??.??"]
[WhiteTeam "SSG Hungen-Lich"]
[BlackTeam "SC Ladja Roßdorf"]

1. e4 e6 2. d4 d5 3. Nc3 Bb4 4. e5 c5 5. a3 Bxc3+ 6. bxc3 Qa5 7. Bd2 Qa4 8. Qg4
Kf8 9. Qd1 c4 10. h4 Nc6 11. h5 h6 12. Rh4 Nge7 13. Rf4 Bd7 14. Nf3 Ke8 15. g4
Rf8 16. Bh3 Kd8 17. g5 hxg5 18. Nxg5 Nf5 19. Bxf5 exf5 20. Be3 Kc7 21. Kd2 Rae8
22. Qf3 Be6 23. Qg3 Rg8 24. Rh4 Kc8 25. Nh7 b5 26. Rhh1 Qa5 27. Rhg1 Qd8 28.
Rgb1 Qa5 29. Ng5 a6 30. Rg1 Qd8 31. Qf4 Qe7 32. Nf3 Qd7 33. Rg5 Ref8 34. Rag1
f6 35. Rg6 Qe7 36. h6 gxh6 37. exf6 Qxa3 38. Rxg8 Bxg8 39. Qxf5+ Kc7 40. Bxh6
b4 41. Bxf8 Qxc3+ 42. Ke2 1-0

[Event "Sparkassen-Open A"]
[Site "Heusenstamm, Martinsee"]
[Date "2017.11.24"]
[Round "2.67"]
[White "Köllner, Christof"]
[Black "Launert, Martin"]
[Result "1-0"]
[WhiteElo "2099"]
[BlackElo "1879"]
[PlyCount "99"]
[EventDate "2017.??.??"]
[WhiteTeam "SV Bergneustadt/Derschlag"]
[BlackTeam "Sfr. Erbach"]

1. d4 d5 2. Bf4 Nf6 3. e3 Bf5 4. c4 Bxb1 5. Qxb1 e6 6. c5 Nbd7 7. Nf3 Ne4 8.
Bd3 Ndf6 9. Qc2 Be7 10. O-O O-O 11. Ne5 h6 12. f3 Ng5 13. h4 Ngh7 14. g4 g5 15.
hxg5 hxg5 16. Bg3 Kg7 17. Kg2 Rh8 18. Rh1 Qg8 19. Rh3 Nf8 20. Rxh8 Kxh8 21.
Rh1+ Kg7 22. Kg1 N6h7 23. Qh2 c6 24. Qh6+ Kh8 25. Qh5 Kg7 26. Bxh7 Nxh7 27.
Qxf7+ Qxf7 28. Nxf7 Nf8 29. Ne5 Ng6 30. Nxg6 Kxg6 31. Kg2 b6 32. cxb6 axb6 33.
a3 c5 34. dxc5 bxc5 35. Be5 Bf6 36. Bxf6 Kxf6 37. Rh6+ Ke5 38. Kg3 Rb8 39. f4+
gxf4+ 40. exf4+ Kd4 41. Rxe6 Rxb2 42. f5 c4 43. f6 Rb8 44. g5 c3 45. Rc6 Ke5
46. f7 d4 47. g6 Kd5 48. g7 Kxc6 49. g8=Q Rxg8+ 50. fxg8=Q 1-0

[Event "Sparkassen-Open A"]
[Site "Heusenstamm, Martinsee"]
[Date "2017.11.24"]
[Round "2.68"]
[White "Bittner, Peter"]
[Black "Medvedovski, Michael"]
[Result "0-1"]
[WhiteElo "1877"]
[BlackElo "2048"]
[PlyCount "58"]
[EventDate "2017.??.??"]
[WhiteTeam "SC Nied"]
[BlackTeam "Frankfurter TV"]

1. e4 c5 2. Nf3 Nc6 3. d4 cxd4 4. Nxd4 e5 5. Nf3 Nf6 6. Nc3 Bb4 7. a3 Bxc3+ 8.
bxc3 Nxe4 9. Qd3 d5 10. Be2 O-O 11. Nd2 Bf5 12. Nxe4 Bxe4 13. Qb5 Qa5 14. Qb3
Nd4 15. Qb2 Nxc2+ 16. Kd1 Nxa1 17. Qxa1 Rac8 18. Bd2 d4 19. cxd4 Qa4+ 20. Ke1
exd4 21. f3 Bf5 22. g4 Bc2 23. Kf2 d3 24. Bf1 f5 25. Bb4 fxg4 26. Bg2 Rfe8 27.
fxg4 a5 28. Bc3 Qf4+ 29. Kg1 Qe3+ 0-1

[Event "Sparkassen-Open A"]
[Site "Heusenstamm, Martinsee"]
[Date "2017.11.24"]
[Round "2.69"]
[White "Eichner, Christian"]
[Black "Held, Maurice"]
[Result "0-1"]
[WhiteElo "2064"]
[BlackElo "1870"]
[PlyCount "62"]
[EventDate "2017.??.??"]
[WhiteTeam "SV TuR Dresden"]
[BlackTeam "SC Ladja Roßdorf"]

1. e4 c5 2. Nf3 g6 3. c3 Bg7 4. d4 cxd4 5. cxd4 d5 6. e5 Nc6 7. Nc3 Nh6 8. Qb3
O-O 9. Qxd5 Bg4 10. Be3 Qxd5 11. Nxd5 Bxf3 12. gxf3 Rfd8 13. Nc3 Nxd4 14. O-O-O
Nhf5 15. f4 Rac8 16. Kb1 f6 17. Bg2 b6 18. Bb7 Rc5 19. exf6 Bxf6 20. Ne4 Rc7
21. Nxf6+ exf6 22. Be4 Rcd7 23. Bd3 b5 24. Be4 a6 25. b3 Nxe3 26. fxe3 Ne2 27.
Rxd7 Rxd7 28. Bc6 Rd6 29. Re1 Nc3+ 30. Kb2 Rxc6 31. Rc1 b4 0-1

[Event "Sparkassen-Open A"]
[Site "Heusenstamm, Martinsee"]
[Date "2017.11.24"]
[Round "2.70"]
[White "Diehm, Alexander"]
[Black "Blosze, Winfried"]
[Result "1-0"]
[WhiteElo "2039"]
[BlackElo "1863"]
[PlyCount "105"]
[EventDate "2017.??.??"]
[WhiteTeam "SC FK Babenhausen"]
[BlackTeam "SV Großauheim"]

1. d4 Nf6 2. c4 g6 3. Nc3 d5 4. cxd5 Nxd5 5. Bd2 Bg7 6. e4 Nb6 7. Be3 O-O 8.
Rc1 c6 9. Be2 e5 10. Nf3 exd4 11. Nxd4 Qe7 12. Rc2 N8d7 13. O-O Nf6 14. f3 Nfd5
15. Bc1 Nxc3 16. bxc3 Be6 17. Qe1 Rfd8 18. Qf2 Bc4 19. Be3 Bxe2 20. Qxe2 Rd7
21. Nb3 Re8 22. Bc5 Qe6 23. Re1 Qe5 24. Bd4 Qh5 25. Nc5 Rde7 26. a4 Nd5 27. Nd3
b6 28. Qf2 Nc7 29. Bxg7 Kxg7 30. Qd4+ Kg8 31. Qd6 c5 32. c4 Na6 33. Rce2 Nb8
34. Nf4 Qe5 35. Qxe5 Rxe5 36. Nd5 Kg7 37. f4 Rh5 38. e5 Nc6 39. Nf6 Re6 40.
Nxh5+ gxh5 41. Kf2 Kg6 42. Rd2 Nd4 43. Ke3 Kf5 44. g3 f6 45. Rxd4 cxd4+ 46.
Kxd4 h4 47. Kd5 hxg3 48. hxg3 Re8 49. e6 h5 50. e7 Kg4 51. Ke6 Kxg3 52. f5 h4
53. Kf7 1-0

[Event "Sparkassen-Open A"]
[Site "Heusenstamm, Martinsee"]
[Date "2017.11.24"]
[Round "2.71"]
[White "Mager, Thomas"]
[Black "Pfeffer, Marko"]
[Result "0-1"]
[WhiteElo "1863"]
[BlackElo "2039"]
[PlyCount "56"]
[EventDate "2017.??.??"]
[WhiteTeam "vereinslos"]
[BlackTeam "SC Bergen-Enkheim"]

1. c4 d6 2. g3 f5 3. Bg2 Nf6 4. Nc3 e5 5. d3 Be7 6. e3 c6 7. Nge2 O-O 8. O-O
Qe8 9. h3 a5 10. Rb1 Qh5 11. f4 Na6 12. a3 Nc5 13. b4 axb4 14. axb4 Ne6 15. Na4
Bd8 16. Bb2 exf4 17. exf4 Rxa4 18. Bf3 Qxh3 19. Qxa4 Bb6+ 20. d4 Bxd4+ 21. Bxd4
Nxd4 22. Nxd4 Qxg3+ 23. Bg2 Qe3+ 24. Kh1 Qxd4 25. Rbd1 Qxc4 26. Rxd6 Ne4 27.
Bxe4 Qxe4+ 28. Kg1 Be6 0-1

[Event "Sparkassen-Open A"]
[Site "Heusenstamm, Martinsee"]
[Date "2017.11.24"]
[Round "2.72"]
[White "Seehaus, Bernhard"]
[Black "Kail, Sindy"]
[Result "1-0"]
[WhiteElo "2008"]
[BlackElo "1861"]
[PlyCount "41"]
[EventDate "2017.??.??"]
[WhiteTeam "Schachforum Darmstadt"]
[BlackTeam "SK Klingenberg"]

1. Nc3 d5 2. e4 dxe4 3. Nxe4 e5 4. Nf3 f5 5. Ng3 Bd6 6. Bc4 e4 7. Ng1 Nf6 8. d3
Qe7 9. N1e2 Nc6 10. Bb5 O-O 11. Bxc6 bxc6 12. O-O Ng4 13. h3 exd3 14. cxd3 f4
15. Ne4 f3 16. hxg4 Bxg4 17. N2g3 Bxg3 18. Nxg3 Qh4 19. Re1 fxg2 20. Re4 Qxg3
21. Qb3+ 1-0

[Event "Sparkassen-Open A"]
[Site "Heusenstamm, Martinsee"]
[Date "2017.11.24"]
[Round "2.73"]
[White "Bachmann, Nick"]
[Black "Rödiger, Thomas"]
[Result "1-0"]
[WhiteElo "1839"]
[BlackElo "2006"]
[PlyCount "175"]
[EventDate "2017.??.??"]
[WhiteTeam "SG Wächtersbach"]
[BlackTeam "SC Bad Soden"]

1. e4 c5 2. c3 d5 3. exd5 Qxd5 4. d4 cxd4 5. cxd4 Nc6 6. Nf3 e6 7. Nc3 Qd8 8.
Bd3 Nf6 9. O-O Be7 10. Bg5 O-O 11. Rc1 Nd5 12. Bxe7 Qxe7 13. Nxd5 exd5 14. h3
Qf6 15. Rc5 Be6 16. Bb1 g6 17. a3 Kg7 18. Ba2 Rfd8 19. Qd3 Rab8 20. Rfc1 Bf5
21. Qe3 Be4 22. Ne5 Nxe5 23. dxe5 Qxe5 24. f3 Qxb2 25. fxe4 Qxa2 26. exd5 Qb2
27. R1c2 Qa1+ 28. Rc1 Qf6 29. Rf1 Qd6 30. Qc3+ Kg8 31. Rf6 Qe7 32. Rc7 Rd7 33.
Rxd7 Qxd7 34. Qg3 Rd8 35. d6 Qc6 36. Qe5 Re8 37. Qd4 Qb6 38. Qxb6 axb6 39. d7
Rd8 40. Rxb6 Rxd7 41. a4 Rd4 42. a5 Rd5 43. a6 bxa6 44. Rxa6 Rd2 45. Ra7 Kg7
46. Kh2 h5 47. h4 Re2 48. Kg3 Re4 49. Rb7 Kf6 50. Rb6+ Kf5 51. Rb5+ Re5 52. Rb3
f6 53. Rf3+ Ke6 54. Ra3 g5 55. hxg5 fxg5 56. Rf3 Re4 57. Rf8 Re3+ 58. Kh2 Ke5
59. Re8+ Kf4 60. Rf8+ Kg4 61. Rc8 Re4 62. Rf8 h4 63. Rh8 Kf4 64. Rf8+ Ke3 65.
Rf3+ Ke2 66. Rf5 g4 67. Rf7 Ke3 68. Rf8 Rf4 69. Re8+ Kf2 70. Rb8 g3+ 71. Kh3
Re4 72. Rf8+ Kg1 73. Rb8 Re2 74. Rb1+ Kf2 75. Rb4 Re1 76. Rb2+ Re2 77. Rxe2+
Kxe2 78. Kxh4 Kf2 79. Kh3 Ke3 80. Kxg3 Ke4 81. Kg4 Ke5 82. Kg5 Ke6 83. Kg6 Ke7
84. g3 Kf8 85. g4 Kg8 86. g5 Kh8 87. Kf7 Kh7 88. g6+ 1-0

[Event "Sparkassen-Open A"]
[Site "Heusenstamm, Martinsee"]
[Date "2017.11.24"]
[Round "2.74"]
[White "Rettig, Helge"]
[Black "Reinhold, Günther"]
[Result "1-0"]
[WhiteElo "2005"]
[BlackElo "1861"]
[PlyCount "93"]
[EventDate "2017.??.??"]
[WhiteTeam "SF Verl"]
[BlackTeam "Frankfurter TV"]

1. d4 Nf6 2. c4 e6 3. Nc3 c5 4. d5 exd5 5. cxd5 d6 6. e4 g6 7. Bf4 a6 8. a4 Bg7
9. Nf3 Bg4 10. Be2 O-O 11. O-O Re8 12. Nd2 Bxe2 13. Qxe2 Nh5 14. Be3 Nd7 15. a5
Qc7 16. g4 Nhf6 17. f3 Reb8 18. Nc4 b5 19. axb6 Nxb6 20. Na5 Nbd7 21. Bf4 Rb4
22. Ra2 h6 23. Rfa1 Ne8 24. Nc6 Rb3 25. Rxa6 Rxa6 26. Rxa6 Bxc3 27. bxc3 g5 28.
Bd2 Kg7 29. Ra7 Rb7 30. Ra8 Nef6 31. Ne7 Rb1+ 32. Kg2 Qb6 33. Nf5+ Kh7 34. Ra2
Rb2 35. Rxb2 Qxb2 36. Nxd6 Ne5 37. h3 Ng6 38. Kf2 Ne5 39. Ke3 Qb6 40. Nc4 Qa7
41. Kf2 Ned7 42. e5 Ng8 43. e6 fxe6 44. Qxe6 Qc7 45. d6 Qd8 46. Ne5 Nxe5 47.
Qxe5 1-0

[Event "Sparkassen-Open A"]
[Site "Heusenstamm, Martinsee"]
[Date "2017.11.24"]
[Round "2.75"]
[White "Haack, Kevin"]
[Black "Englert, Jon"]
[Result "0-1"]
[WhiteElo "1859"]
[BlackElo "2002"]
[PlyCount "120"]
[EventDate "2017.??.??"]
[WhiteTeam "SC Bad Soden"]
[BlackTeam "TV-Großostheim"]

1. c4 d6 2. d4 Nf6 3. Nc3 g6 4. e4 Bg7 5. Be3 Nbd7 6. Bd3 c5 7. Bc2 O-O 8. Nge2
Rb8 9. O-O a6 10. a4 b6 11. f3 Qc7 12. Nd5 Nxd5 13. cxd5 Bb7 14. Rc1 Ba8 15.
Bd3 Qb7 16. Qd2 Rfc8 17. b4 cxb4 18. Qxb4 Kh8 19. Rc4 a5 20. Qb3 Rxc4 21. Bxc4
Rc8 22. Bb5 Nb8 23. Rb1 h6 24. Bd2 Qa7 25. Rc1 Rxc1+ 26. Bxc1 Qc7 27. Qc4 Qxc4
28. Bxc4 Bb7 29. Kf2 Ba6 30. Bxa6 Nxa6 31. Bd2 Kg8 32. Ke3 Kf8 33. Kd3 Ke8 34.
Kc4 Nc7 35. f4 e6 36. Nc3 Kd7 37. e5 Bf8 38. dxe6+ fxe6 39. exd6 Bxd6 40. Nb5
Nxb5 41. Kxb5 Bc7 42. g4 Kd6 43. h4 h5 44. gxh5 gxh5 45. Kc4 Kc6 46. Be3 Bd6
47. Bd2 Bb8 48. Be3 Bc7 49. Bd2 Bd6 50. Be3 Bb4 51. Bf2 Bd2 52. Bg3 Bc1 53. Bh2
Be3 54. Bg3 Bg1 55. f5 exf5 56. d5+ Kd7 57. Kb5 Be3 58. d6 f4 59. Bxf4 Bxf4 60.
Kxb6 Bd2 0-1

[Event "Sparkassen-Open A"]
[Site "Heusenstamm, Martinsee"]
[Date "2017.11.24"]
[Round "2.76"]
[White "Wachsmann, Dietmar"]
[Black "Mao, Yvonne"]
[Result "1-0"]
[WhiteElo "1999"]
[BlackElo "1856"]
[PlyCount "57"]
[EventDate "2017.??.??"]
[WhiteTeam "SC Groß-Umstadt"]
[BlackTeam "SK Gernsheim"]

1. d4 Nf6 2. Nf3 d5 3. e3 e6 4. a3 c5 5. Nbd2 Nc6 6. dxc5 Bxc5 7. b4 Bd6 8. c4
O-O 9. Bb2 a6 10. cxd5 Nxd5 11. Bc4 Nce7 12. Ne4 Bb8 13. O-O b5 14. Bb3 Bb7 15.
Nc5 Qc7 16. e4 Nf6 17. Rc1 Qb6 18. Bxf6 gxf6 19. Nd7 Qd8 20. Nxf8 Qxf8 21. Qd4
f5 22. Ng5 Qh6 23. Qd8+ Kg7 24. Nxe6+ Kg6 25. Nc7 Nc6 26. Qg8+ Qg7 27. exf5+
Kh6 28. Qxg7+ Kxg7 29. Nxa8 1-0

[Event "Sparkassen-Open A"]
[Site "Heusenstamm, Martinsee"]
[Date "2017.11.24"]
[Round "2.77"]
[White "Grund, Sebastian"]
[Black "Rutsatz, Mario"]
[Result "1/2-1/2"]
[WhiteElo "1799"]
[BlackElo "1996"]
[PlyCount "75"]
[EventDate "2017.??.??"]
[WhiteTeam "MTV Saalfeld"]
[BlackTeam "SF Frankfurt"]

1. d4 Nf6 2. Nf3 g6 3. c4 c5 4. g3 Bg7 5. Bg2 Qa5+ 6. Bd2 Qb6 7. Bc3 Ne4 8. Qb3
Nxc3 9. bxc3 O-O 10. Nbd2 Nc6 11. e3 d6 12. O-O Qc7 13. Rac1 Rb8 14. Qa3 b6 15.
Ne1 Bf5 16. e4 Bc8 17. d5 Na5 18. Nc2 f5 19. f4 fxe4 20. Ne3 e5 21. fxe5 Rxf1+
22. Rxf1 Bxe5 23. Nxe4 Qg7 24. Ng5 Bf5 25. Nxf5 gxf5 26. Rxf5 Nxc4 27. Qc1 Qh6
28. Be4 Bg7 29. Qf4 Ne5 30. Rxe5 Bxe5 31. Qf7+ Kh8 32. Qxa7 Rf8 33. Nf7+ Rxf7
34. Qxf7 Bxc3 35. Qe8+ Kg7 36. Qe7+ Kg8 37. Qe8+ Kg7 38. Qe7+ 1/2-1/2

[Event "Sparkassen-Open A"]
[Site "Heusenstamm, Martinsee"]
[Date "2017.11.24"]
[Round "2.78"]
[White "Perske, Paul"]
[Black "Kirchner, Markus"]
[Result "1-0"]
[WhiteElo "1968"]
[BlackElo "1849"]
[PlyCount "69"]
[EventDate "2017.??.??"]
[WhiteTeam "Vorw.Orient Mainz"]
[BlackTeam "SF Schöneck"]

1. e4 e6 2. d4 d5 3. Nd2 Nf6 4. e5 Nfd7 5. c3 c5 6. Bd3 Nc6 7. Ne2 Qb6 8. Nf3
cxd4 9. cxd4 f6 10. exf6 Nxf6 11. O-O Bd6 12. Nc3 O-O 13. Bg5 Bd7 14. Re1 Rae8
15. Ne5 Bxe5 16. dxe5 Ne4 17. Nxe4 dxe4 18. Be3 Qxb2 19. Bxe4 Rf7 20. Rb1 Qxe5
21. Bxa7 Qa5 22. Be3 b5 23. Qh5 g6 24. Qxb5 Qxb5 25. Rxb5 Nd4 26. Rb7 Nb5 27.
Rxd7 Rxd7 28. Bc6 Red8 29. Bxb5 Rb7 30. a4 Kf7 31. Bc6 Rb3 32. a5 Rd6 33. Bf3
Rbd3 34. Ra1 Rb3 35. h3 1-0

[Event "Sparkassen-Open A"]
[Site "Heusenstamm, Martinsee"]
[Date "2017.11.24"]
[Round "2.79"]
[White "Browning, Rebecca"]
[Black "Zweschper, Erich"]
[Result "1/2-1/2"]
[WhiteElo "1830"]
[BlackElo "1982"]
[PlyCount "55"]
[EventDate "2017.??.??"]
[WhiteTeam "SG Porz"]
[BlackTeam "SV Kelsterbach"]

1. e4 g6 2. d4 Bg7 3. c4 c5 4. d5 d6 5. Nc3 Nf6 6. f4 O-O 7. Be2 e6 8. Nf3 exd5
9. cxd5 Re8 10. e5 dxe5 11. fxe5 Ng4 12. e6 fxe6 13. d6 Nc6 14. O-O a6 15. Ne4
h6 16. h3 Nge5 17. Kh1 Nxf3 18. Bxf3 Nd4 19. Be3 e5 20. Bxd4 cxd4 21. Qb3+ Kh8
22. Rac1 Bf5 23. Qxb7 Rb8 24. Qc7 Qh4 25. Qc2 Rbd8 26. Qc6 Re6 27. Qc7 Ree8 28.
Qc6 1/2-1/2

[Event "Sparkassen-Open A"]
[Site "Heusenstamm, Martinsee"]
[Date "2017.11.24"]
[Round "2.80"]
[White "Schmidt, Max"]
[Black "Bajorski, Marius"]
[Result "1/2-1/2"]
[WhiteElo "1992"]
[BlackElo "1843"]
[PlyCount "77"]
[EventDate "2017.??.??"]
[WhiteTeam "Frankfurter TV"]
[BlackTeam "SV Hofheim"]

1. e4 e6 2. d4 d5 3. Nc3 dxe4 4. Nxe4 Bd7 5. Nf3 Bc6 6. Bd3 Nd7 7. O-O Ngf6 8.
Ng3 Bxf3 9. Qxf3 c6 10. b3 Be7 11. Bb2 O-O 12. c4 Qa5 13. a3 Rad8 14. Rfe1 Rfe8
15. Bc2 Qc7 16. Ne4 Nxe4 17. Rxe4 Bf6 18. Rd1 Nf8 19. h4 Rd7 20. h5 Red8 21.
Rg4 Kh8 22. h6 Ng6 23. hxg7+ Bxg7 24. Re4 Qa5 25. g3 Qf5 26. Qe2 Qh3 27. Qe3 c5
28. Bc3 cxd4 29. Bxd4 e5 30. Qe2 Rxd4 31. Rdxd4 Rxd4 32. Rxd4 exd4 33. Bxg6
hxg6 34. Qe8+ Kh7 35. Qxf7 Qg4 36. Qxb7 d3 37. Qh1+ Bh6 38. Qb7+ Bg7 39. Qh1+
1/2-1/2

[Event "Sparkassen-Open A"]
[Site "Heusenstamm, Martinsee"]
[Date "2017.11.24"]
[Round "2.81"]
[White "Fröhlich-Dill, Astrid"]
[Black "Günther, Andreas"]
[Result "1/2-1/2"]
[WhiteElo "1830"]
[BlackElo "1991"]
[PlyCount "47"]
[EventDate "2017.??.??"]
[WhiteTeam "SV Hofheim"]
[BlackTeam "SG Wächtersbach"]

1. d4 Nf6 2. c4 g6 3. Nc3 Bg7 4. e4 d6 5. f3 O-O 6. Be3 Nbd7 7. Qd2 a6 8. Nge2
c5 9. d5 b5 10. cxb5 Qa5 11. Nc1 Ne5 12. Nb3 Qb4 13. Nd1 Qxd2+ 14. Nxd2 axb5
15. Bxb5 Ba6 16. Bxa6 Rxa6 17. O-O Rb8 18. a3 Nfd7 19. Rb1 Nd3 20. b4 cxb4 21.
axb4 Rxb4 22. Nf2 Rxb1 23. Rxb1 N3c5 24. h3 1/2-1/2

[Event "Sparkassen-Open A"]
[Site "Heusenstamm, Martinsee"]
[Date "2017.11.24"]
[Round "2.82"]
[White "Angermünde, Dirk"]
[Black "Berkes, Jörg"]
[Result "1-0"]
[WhiteElo "1989"]
[BlackElo "1831"]
[PlyCount "103"]
[EventDate "2017.??.??"]
[WhiteTeam "SF Gerresheim"]
[BlackTeam "SK Langen"]

1. e4 g6 2. d4 Bg7 3. Nf3 c5 4. Nc3 cxd4 5. Nxd4 Qb6 6. Be3 Qd8 7. Be2 Nc6 8.
O-O d6 9. Qd2 h5 10. h3 Bd7 11. Rad1 Qc8 12. Nd5 Nf6 13. Nxf6+ Bxf6 14. c3 Ne5
15. Bg5 Bg7 16. Nb5 f6 17. Bf4 Nc4 18. Bxc4 Qxc4 19. Na3 Qe6 20. b3 h4 21. Qd5
Qxd5 22. exd5 g5 23. Bh2 f5 24. c4 a6 25. Rfe1 Kf7 26. Nc2 Rag8 27. Kh1 Bf6 28.
f3 g4 29. Bf4 Bg5 30. Bxg5 Rxg5 31. f4 Rg6 32. Re3 Rhg8 33. Rde1 Re8 34. Nd4
Kf6 35. Ne6 Kf7 36. Ng5+ Kf6 37. Nh7+ Kf7 38. Ng5+ Kf6 39. Ne6 Kf7 40. Nc7 Rd8
41. Rxe7+ Kg8 42. Ne6 Bxe6 43. dxe6 Kf8 44. Rxb7 Ke8 45. Rh7 gxh3 46. gxh3 Rg3
47. Rxh4 Ke7 48. Rh7+ Kf6 49. Kh2 Rdg8 50. Re2 Rf3 51. Rf7+ Kg6 52. Rg2+ 1-0

[Event "Sparkassen-Open A"]
[Site "Heusenstamm, Martinsee"]
[Date "2017.11.24"]
[Round "2.83"]
[White "Schäfer, Peter Felix"]
[Black "Feicht, Arno"]
[Result "1/2-1/2"]
[WhiteElo "1813"]
[BlackElo "1988"]
[PlyCount "116"]
[EventDate "2017.??.??"]
[WhiteTeam "vereinslos"]
[BlackTeam "SV Alsfeld"]

1. e4 c5 2. d4 cxd4 3. c3 Nf6 4. e5 Nd5 5. Bc4 Nb6 6. Bb3 d6 7. exd6 Qxd6 8.
Qxd4 Qxd4 9. cxd4 Nc6 10. Nf3 g6 11. Nc3 a6 12. Ne5 e6 13. Be3 Bg7 14. Nxc6
bxc6 15. O-O O-O 16. Rfd1 a5 17. Na4 Nd5 18. Nc5 Rb8 19. Ba4 Rb6 20. b3 Nc3 21.
Rd2 Rd8 22. Rc1 Nd5 23. a3 Nxe3 24. fxe3 e5 25. Rc4 exd4 26. exd4 Bh6 27. Re2
Bg4 28. Re4 Bf5 29. Re7 Kf8 30. Rc7 Be3+ 31. Kf1 Bxd4 32. Bxc6 Bxc5 33. Rxc5
Rd1+ 34. Ke2 Bg4+ 35. Ke3 Rxb3+ 36. Kf4 Be6 37. Bf3 Rdd3 38. Rxa5 Rxa3 39. Raa7
Kg7 40. Rxa3 Rxa3 41. Rc5 Kf6 42. h4 h6 43. g4 g5+ 44. hxg5+ hxg5+ 45. Kg3 Re3
46. Kf2 Re5 47. Rxe5 Kxe5 48. Ke3 Bd5 49. Be2 Be4 50. Bd1 Bb1 51. Bf3 Bc2 52.
Be2 Kd5 53. Bf3+ Kc4 54. Be2+ Kc3 55. Bf3 Bg6 56. Be4 Kc4 57. Bxg6 fxg6 58. Ke4
Kc3 1/2-1/2

[Event "Sparkassen-Open A"]
[Site "Heusenstamm, Martinsee"]
[Date "2017.11.24"]
[Round "2.84"]
[White "Skarke, Harald"]
[Black "Engel, Jan"]
[Result "1-0"]
[WhiteElo "1988"]
[BlackElo "1830"]
[PlyCount "57"]
[EventDate "2017.??.??"]
[WhiteTeam "SF Neuberg"]
[BlackTeam "Frankfurter TV"]

1. e4 c5 2. d4 cxd4 3. c3 d3 4. Bxd3 Nc6 5. c4 g6 6. Nc3 Bg7 7. Nf3 d6 8. h3
Nf6 9. O-O Bd7 10. Bf4 O-O 11. Qd2 Rc8 12. Rad1 Be8 13. Bb1 Nd7 14. b3 Nde5 15.
Nxe5 Nxe5 16. Bh6 Bc6 17. Bxg7 Kxg7 18. f4 Qb6+ 19. Kh2 Nd7 20. Qe2 Kg8 21. Rd3
Nc5 22. Rg3 a5 23. e5 dxe5 24. f5 a4 25. Qh5 e4 26. Rf4 Kh8 27. Qh6 g5 28. Rxg5
Rg8 29. Rh4 1-0

[Event "Sparkassen-Open A"]
[Site "Heusenstamm, Martinsee"]
[Date "2017.11.24"]
[Round "2.85"]
[White "Jordake, Michael"]
[Black "Kalepky, Helmut"]
[Result "1/2-1/2"]
[WhiteElo "1813"]
[BlackElo "1985"]
[PlyCount "120"]
[EventDate "2017.??.??"]
[WhiteTeam "SC Bergen-Enkheim"]
[BlackTeam "SF Heidesheim"]

1. Nc3 c5 2. Nf3 Nc6 3. e4 g6 4. Bc4 Bg7 5. O-O d6 6. d3 a6 7. a3 e6 8. Re1
Nge7 9. Rb1 O-O 10. Be3 Nd4 11. Bxd4 cxd4 12. Ne2 b5 13. Ba2 Nc6 14. Qd2 Qb6
15. b4 Bd7 16. Qf4 Ne5 17. Nxe5 Bxe5 18. Qd2 Rfc8 19. f4 Bg7 20. Bb3 a5 21. Rf1
a4 22. Ba2 Rf8 23. Rf3 Rac8 24. Rbf1 Qc7 25. Bb1 f5 26. exf5 exf5 27. Rc1 Be6
28. Re1 Bd5 29. Rg3 Bf6 30. Rh3 Rfe8 31. Rf1 Re7 32. Rf2 Rce8 33. Qd1 Kg7 34.
Kf1 Re3 35. Rxe3 dxe3 36. Rf3 Bxf3 37. gxf3 Qc6 38. Kg2 Qd5 39. Qc1 h6 40. c3
g5 41. fxg5 hxg5 42. c4 bxc4 43. dxc4 Qd2 44. Qc2 Bb2 45. Kh1 Qxc2 46. Bxc2 f4
47. Bxa4 Rb8 48. Bc6 Bxa3 49. b5 Bb2 50. Kg2 Kf6 51. h4 Ke5 52. hxg5 Rg8 53. b6
Rxg5+ 54. Kf1 Rg8 55. b7 Rb8 56. Bd5 Rh8 57. Kg2 Rf8 58. Kf1 Rh8 59. Kg2 Rf8
60. Kh3 Kf5 1/2-1/2

[Event "Sparkassen-Open A"]
[Site "Heusenstamm, Martinsee"]
[Date "2017.11.24"]
[Round "2.86"]
[White "Kolker, Vladislav"]
[Black "Lehmann, Tim"]
[Result "1-0"]
[WhiteElo "1985"]
[BlackElo "1818"]
[Annotator "Schloessner,Henrik"]
[PlyCount "87"]
[EventDate "2017.??.??"]
[WhiteTeam "SC Bad Nauheim"]
[BlackTeam "SV Lahn Limburg"]

1. e4 c5 2. Nf3 d6 3. d4 cxd4 4. Nxd4 Nf6 5. Nc3 a6 6. Bg5 e6 7. f4 Be7 8. Qf3
Qc7 9. O-O-O Nbd7 10. g4 h6 11. Bxf6 Nxf6 12. h4 Nd7 13. g5 g6 14. h5 Nf8 15.
hxg6 Nxg6 16. Rxh6 Rg8 17. Kb1 b5 18. Rh7 Rf8 19. Bh3 b4 20. Nce2 Bd7 21. f5
Ne5 22. Qh5 exf5 23. Bxf5 Bxf5 24. exf5 Rc8 25. f6 Bd8 26. Nf4 b3 27. axb3 Qb6
28. Nf5 Rc6 29. Ne6 Rg8 30. Rh8 Rxh8 31. Qxh8+ Kd7 32. Qxd8+ Qxd8 33. Nxd8 Kxd8
34. Nxd6 Kc7 35. Ne4 Re6 36. Nc5 Rc6 37. Rd5 Nf3 38. b4 Rb6 39. c3 Kc6 40. Rf5
Nd2+ 41. Kc2 Nc4 42. Kd3 Nd6 43. Rf4 a5 44. Ne4 {Schwarz spielte hier das
unmögliche Sf8, was von beiden Spieler notiert, aber nicht bemerkt wurde.
Auch der weitere partieverlauf legt dies nahe. 1-0 (60)} 1-0

[Event "Sparkassen-Open A"]
[Site "Heusenstamm, Martinsee"]
[Date "2017.11.24"]
[Round "2.87"]
[White "Köllner, Felicitas Ophelia"]
[Black "Rack, Matthias"]
[Result "1/2-1/2"]
[WhiteElo "1766"]
[BlackElo "1984"]
[PlyCount "54"]
[EventDate "2017.??.??"]
[WhiteTeam "SV Bergneustadt/Derschlag"]
[BlackTeam "SF Neuberg"]

1. d4 Nf6 2. Bg5 d5 3. e3 Nbd7 4. Bd3 c6 5. Nd2 g6 6. f4 Bg7 7. Ngf3 Qb6 8. Rb1
c5 9. c3 O-O 10. Ne5 Re8 11. Qf3 cxd4 12. exd4 Nf8 13. O-O Ne6 14. Kh1 Qd6 15.
Nb3 Bd7 16. Bh4 Rf8 17. f5 Nd8 18. Bg3 Nh5 19. Nxd7 Nxg3+ 20. Qxg3 Qxd7 21.
fxg6 hxg6 22. Nc5 Qc6 23. Qh4 b6 24. Nb3 Bf6 25. Qg4 Qe6 26. Bf5 Qc6 27. Rf3
Bg7 1/2-1/2

[Event "Sparkassen-Open A"]
[Site "Heusenstamm, Martinsee"]
[Date "2017.11.24"]
[Round "2.89"]
[White "Rothermel, Tim"]
[Black "Gentner, Markus"]
[Result "0-1"]
[WhiteElo "1756"]
[BlackElo "1978"]
[PlyCount "145"]
[EventDate "2017.??.??"]
[WhiteTeam "SK Langen"]
[BlackTeam "SC Murrhardt"]

1. Nf3 Nf6 2. g3 c5 3. Bg2 Nc6 4. d4 e6 5. O-O b6 6. c4 Bb7 7. Nc3 cxd4 8. Nb5
a6 9. Nbxd4 Qc7 10. Bf4 d6 11. Nb3 e5 12. Bd2 Be7 13. Rc1 O-O 14. Na1 Rfd8 15.
Qe1 Ne4 16. Nc2 d5 17. cxd5 Rxd5 18. Ne3 Rdd8 19. Bc3 Bc5 20. Nc4 f6 21. b4 Bf8
22. a3 Rac8 23. Ba1 b5 24. Na5 Nd6 25. Qc3 Qf7 26. Nxb7 Nxb7 27. Bh3 Nd4 28.
Qe3 Rxc1 29. Rxc1 Nxf3+ 30. Qxf3 Nd6 31. Rc6 Qa2 32. Rc1 Qd2 33. Rf1 Nc4 34.
Be6+ Kh8 35. Bc3 Qd6 36. Bf5 g6 37. Bc2 Qe6 38. Bb3 Bh6 39. e3 Bg7 40. Rd1
Rxd1+ 41. Qxd1 h5 42. e4 Qc6 43. Qd3 Kh7 44. a4 Bh6 45. axb5 axb5 46. Bxc4 bxc4
47. Qd5 Qxd5 48. exd5 Bf8 49. Kf1 g5 50. Ke2 Kg6 51. h3 g4 52. hxg4 hxg4 53. f3
Kf5 54. fxg4+ Ke4 55. g5 fxg5 56. g4 Kxd5 57. Ke3 Bd6 58. Kf3 e4+ 59. Ke3 Bc7
60. Bf6 Bf4+ 61. Ke2 Kc6 62. Kd1 Kb5 63. Be7 c3 64. Kc2 Kc4 65. b5 e3 66. Bf6
e2 67. Bxc3 Bg3 68. b6 e1=Q 69. Bxe1 Bxe1 70. Kd1 Bf2 71. b7 Ba7 72. Ke2 Kd4
73. Kf3 0-1

[Event "Sparkassen-Open A"]
[Site "Heusenstamm, Martinsee"]
[Date "2017.11.24"]
[Round "2.90"]
[White "Besancon, Pascal"]
[Black "Blübaum, Johanna"]
[Result "1-0"]
[WhiteElo "1691"]
[BlackElo "1974"]
[PlyCount "105"]
[EventDate "2017.??.??"]
[WhiteTeam "SK Weida"]
[BlackTeam "SV Königsspringer Lemgo"]

1. e4 e6 2. d4 d5 3. exd5 exd5 4. Bd3 Nf6 5. Bf4 Be7 6. Nf3 Bg4 7. Nbd2 Nbd7 8.
c3 c6 9. O-O O-O 10. Qc2 Re8 11. Ne5 Be6 12. Ndf3 h6 13. Rae1 Nxe5 14. Nxe5 Qa5
15. Ng6 Bd8 16. Ne5 Ne4 17. f3 Nf6 18. Bd2 Qc7 19. Re2 Be7 20. Rfe1 c5 21. dxc5
Bxc5+ 22. Be3 Bd6 23. Bd4 Nd7 24. h3 Nc5 25. Bb5 Red8 26. b4 Nd7 27. Bd3 Nxe5
28. Bxe5 Bxe5 29. Rxe5 Rac8 30. R1e3 d4 31. Rc5 Qd6 32. cxd4 Qxd4 33. Kf2 b6
34. Rxc8 Rxc8 35. Qb1 Rc3 36. Ke2 Ra3 37. Bh7+ Kh8 38. Rxa3 g6 39. Re3 Kxh7 40.
Qe1 Bxa2 41. Qc3 Bc4+ 42. Kf2 Qxc3 43. Rxc3 b5 44. Ra3 Kg7 45. g3 Kf6 46. Rxa7
Ke5 47. Ke3 Be6 48. Rb7 Bc4 49. f4+ Kd6 50. Kd4 Kc6 51. Re7 Be6 52. Ke5 h5 53.
Rxe6+ 1-0